000 00319nam a22001337a 4500
008 180213b xxu||||| |||| 00| 0 eng d
020 _a9780787242466
041 _aeng
080 _22nd
_a82
100 _a21
101 _aGJL
245 _aA humanities approach to ancient ways of thinking
_cShin,U
942 _2udc
_cBK
999 _c42424
_d42424